000 00741nam a22002177a 4500
003 OSt
005 20230127105657.0
008 221006b |||||||| |||| 00| 0 eng d
040 _cBiblioteca Lado V
082 _a709
_bR323d
100 _eautor
_9677
_aReed, David
245 _aDavid Reed Paintings/
_bMotion Pictures/
260 _bMuseum of Contemporary Art
_aSan Diego
300 _a96p.
_c30x20cm
650 _2Tesauro de Arte & Arquitectura
_aARTE
650 _2Tesauro de Arte & Arquitectura
_aCATALOGO
650 _2Tesauro de Arte & Arquitectura
_aEXHIBICION
650 _2Tesauro de Arte & Arquitectura
_aDAVID REED
650 _2Tesauro de Arte & Arquitectura
_aPINTURA
942 _2ddc
_c1
_h709
_iR323d
_n0
999 _c2960
_d2960